[Event "Hammer SC 1 - SV Ahlen 1"]
[Site "Verbandsliga - Gruppe 2 2021/"]
[Date "2021.10.24"]
[Round "1.5"]
[White "Woestmann, Ulrich"]
[Black "Bachmann, Rolf"]
[Result "1-0"]
[WhiteElo "1992"]
[BlackElo "1717"]
[PlyCount "79"]
[EventDate "2021.??.??"]
[WhiteTeam "SV Ahlen 1"]
[BlackTeam "Hammer SC 1"]

1. e4 c6 2. d4 d5 3. exd5 cxd5 4. Nf3 Nf6 5. c3 Nc6 6. Bf4 Bg4 7. Nbd2 Bxf3 8.
Nxf3 e6 9. Qb3 Qc8 10. Ne5 Nxe5 11. Bxe5 a6 12. Be2 Be7 13. O-O O-O 14. Rac1
Qd7 15. c4 Rac8 16. c5 Ne4 17. Rcd1 Bg5 18. Qc2 Be7 19. Bd3 f5 20. f3 Ng5 21.
b4 Nf7 22. Bg3 Ra8 23. Rfe1 Rfe8 24. Rb1 Bf6 25. Bf2 g6 26. a4 e5 27. dxe5 Nxe5
28. Bf1 Nc6 29. Red1 Kg7 30. b5 Ne7 31. Bd4 Ng8 32. c6 bxc6 33. bxc6 Bxd4+ 34.
Rxd4 Qe6 35. Qc3 Qe3+ 36. Qxe3 Rxe3 37. Rxd5 Re7 38. Rc5 Kf8 39. c7 Rc8 40.
Bxa6 1-0

[Event "Hammer SC 1 - SV Ahlen 1"]
[Site "Verbandsliga - Gruppe 2 2021/"]
[Date "2021.10.24"]
[Round "1.6"]
[White "Fitzek, Timm"]
[Black "Starp, Klaus"]
[Result "1/2-1/2"]
[WhiteElo "1558"]
[BlackElo "1912"]
[PlyCount "75"]
[EventDate "2021.??.??"]
[WhiteTeam "Hammer SC 1"]
[BlackTeam "SV Ahlen 1"]

1. e4 c5 2. Nf3 d6 3. Bb5+ Bd7 4. Bxd7+ Qxd7 5. O-O Nc6 6. d4 cxd4 7. Nxd4 Nf6
8. Re1 g6 9. Bg5 Bg7 10. Nc3 h6 11. Bxf6 Bxf6 12. Nde2 O-O-O 13. Rb1 e6 14. b4
Kb8 15. a4 Rc8 16. Nb5 Rhd8 17. a5 d5 18. exd5 Qxd5 19. Qxd5 Rxd5 20. c4 Rd2
21. c5 Be7 22. Nec3 Rcd8 23. Ne4 Rc2 24. Nbd6 f5 25. Nf7 fxe4 26. Nxd8 Nxd8 27.
Rxe4 g5 28. g3 a6 29. Rbe1 Bf6 30. f4 Kc7 31. fxg5 hxg5 32. Rd1 Ra2 33. Rd6
Ra1+ 34. Kf2 Rb1 35. Rd3 Rb2+ 36. Kg1 Rb1+ 37. Kg2 Rb2+ 38. Kg1 1/2-1/2

[Event "Hammer SC 1 - SV Ahlen 1"]
[Site "Verbandsliga - Gruppe 2 2021/"]
[Date "2021.10.24"]
[Round "1.7"]
[White "Voelker, Andreas"]
[Black "Lipske, Andreas"]
[Result "1/2-1/2"]
[WhiteElo "1794"]
[BlackElo "1465"]
[PlyCount "118"]
[EventDate "2021.??.??"]
[WhiteTeam "SV Ahlen 1"]
[BlackTeam "Hammer SC 1"]

1. e4 c5 2. d4 cxd4 3. c3 e5 4. Nf3 Nc6 5. Bc4 Be7 6. O-O Nf6 7. cxd4 exd4 8.
e5 Ng4 9. Bf4 d5 10. exd6 Bxd6 11. Re1+ Be7 12. h3 Nf6 13. Ne5 Nxe5 14. Bxe5
O-O 15. Bxd4 Bf5 16. Nc3 a6 17. Be5 Qxd1 18. Raxd1 Rad8 19. Nd5 Nxd5 20. Bxd5
Bb4 21. Re3 Be6 22. Red3 Bxd5 23. Rxd5 Rxd5 24. Rxd5 f6 25. Bd4 Rc8 26. Kf1 b5
27. Ke2 Kf7 28. Rd7+ Kg6 29. a3 Bc5 30. Kd3 Bxd4 31. Rxd4 Rc6 32. a4 bxa4 33.
Rxa4 Kf5 34. Rc4 Rb6 35. Kc3 g5 36. b4 h5 37. h4 Rb5 38. Kd4 Kg6 39. hxg5 fxg5
40. Rc6+ Kf7 41. Kc4 Rf5 42. f3 g4 43. Rxa6 gxf3 44. gxf3 Rxf3 45. Rh6 Rf5 46.
b5 Ke7 47. Kb4 Kd7 48. Ka5 Rf8 49. Rh7+ Kc8 50. Rxh5 Kb8 51. Ka6 Rd8 52. b6 Rc8
53. Rh7 Rd8 54. Rb7+ Ka8 55. Rc7 Kb8 56. Kb5 Rd6 57. Kc5 Re6 58. Rd7 Kc8 59.
Rh7 Re8 1/2-1/2

[Event "SV Bottrop 1 - SC Hansa Dortmund 2"]
[Site "Verbandsliga - Gruppe 2 2021/"]
[Date "2021.10.24"]
[Round "1.1"]
[White "Sundorf, Jannik"]
[Black "Stadtmann, Jens"]
[Result "1/2-1/2"]
[WhiteElo "2144"]
[BlackElo "2184"]
[PlyCount "32"]
[EventDate "2021.??.??"]
[WhiteTeam "SC Hansa Dortmund 2"]
[BlackTeam "SV Bottrop 1"]

1. d4 d5 2. c4 e6 3. Nf3 c6 4. Qc2 f5 5. g3 Bd6 6. Bg2 Nf6 7. O-O O-O 8. b3 Qe7
9. Bb2 Ne4 10. Nbd2 Nd7 11. Rfd1 Kh8 12. Rac1 Ba3 13. c5 Bxb2 14. Qxb2 Re8 15.
Nxe4 fxe4 16. Ne5 Nxe5 1/2-1/2

[Event "SV Bottrop 1 - SC Hansa Dortmund 2"]
[Site "Verbandsliga - Gruppe 2 2021/"]
[Date "2021.10.24"]
[Round "1.2"]
[White "Boehm, Joachim"]
[Black "Zelt, Jens"]
[Result "1/2-1/2"]
[WhiteElo "2194"]
[BlackElo "2000"]
[PlyCount "95"]
[EventDate "2021.??.??"]
[WhiteTeam "SV Bottrop 1"]
[BlackTeam "SC Hansa Dortmund 2"]

1. e4 d6 2. Nc3 e5 3. Bc4 c6 4. d3 Nd7 5. a4 Nc5 6. f4 Be6 7. f5 Bxc4 8. dxc4
Nf6 9. Qf3 Be7 10. Nge2 h6 11. O-O Qc7 12. Kh1 g5 13. fxg6 fxg6 14. Be3 Ne6 15.
a5 Ng5 16. Qg3 Nh5 17. Qe1 Qd7 18. Ng3 Nf6 19. Rd1 Qe6 20. b3 O-O 21. Qd2 Ng4
22. Bg1 Nf6 23. h3 Kh7 24. Be3 Nf7 25. Rf3 a6 26. Rdf1 Ng8 27. Na4 Rad8 28. Nb6
Kg7 29. Kh2 Ng5 30. Rxf8 Rxf8 31. Rxf8 Kxf8 32. Qe2 h5 33. Bd2 Kg7 34. Nh1 Nf7
35. Nf2 Nf6 36. Qf3 Bd8 37. Be3 Bxb6 38. Bxb6 Ng5 39. Qe3 Nf7 40. Qd3 Qe7 41.
Be3 Qc7 42. Bd2 Qc8 43. Qf3 Qe6 44. Kg1 Qd7 45. Qe3 Qc7 46. Qf3 Qd7 47. Qe3 Qc7
48. Qf3 1/2-1/2

[Event "SV Bottrop 1 - SC Hansa Dortmund 2"]
[Site "Verbandsliga - Gruppe 2 2021/"]
[Date "2021.10.24"]
[Round "1.3"]
[White "Linker, Walter"]
[Black "Mohrholz, Uwe"]
[Result "1/2-1/2"]
[WhiteElo "1991"]
[BlackElo "2016"]
[PlyCount "43"]
[EventDate "2021.??.??"]
[WhiteTeam "SC Hansa Dortmund 2"]
[BlackTeam "SV Bottrop 1"]

1. f4 d5 2. Nf3 Nf6 3. e3 g6 4. b3 Bg7 5. Bb2 O-O 6. Be2 c6 7. O-O Bg4 8. Ne5
Bxe2 9. Qxe2 Nbd7 10. d3 Nxe5 11. Bxe5 Ne8 12. Bxg7 Nxg7 13. Nd2 Qd6 14. Nf3 f6
15. Kh1 e5 16. fxe5 fxe5 17. e4 d4 18. Qd2 Ne6 19. g3 b6 20. a4 a5 21. Qh6 Ra7
22. Kg2 1/2-1/2

[Event "SV Bottrop 1 - SC Hansa Dortmund 2"]
[Site "Verbandsliga - Gruppe 2 2021/"]
[Date "2021.10.24"]
[Round "1.4"]
[White "Masberg, Stefan"]
[Black "Hillebrand, Carsten"]
[Result "1/2-1/2"]
[WhiteElo "1917"]
[BlackElo "1939"]
[PlyCount "28"]
[EventDate "2021.??.??"]
[WhiteTeam "SV Bottrop 1"]
[BlackTeam "SC Hansa Dortmund 2"]

1. e4 c5 2. Nf3 g6 3. Nc3 Bg7 4. Bc4 Nc6 5. O-O d6 6. d3 Nf6 7. h3 O-O 8. a4
Bd7 9. Re1 Ne8 10. Bf4 Ne5 11. Nxe5 dxe5 12. Be3 b6 13. Qd2 Nc7 14. Nd5 Bc6
1/2-1/2

[Event "SV Bottrop 1 - SC Hansa Dortmund 2"]
[Site "Verbandsliga - Gruppe 2 2021/"]
[Date "2021.10.24"]
[Round "1.5"]
[White "Dawid, Adalbert"]
[Black "Gierse, Heinz-Dieter"]
[Result "0-1"]
[WhiteElo "1892"]
[BlackElo "1917"]
[PlyCount "146"]
[EventDate "2021.??.??"]
[WhiteTeam "SC Hansa Dortmund 2"]
[BlackTeam "SV Bottrop 1"]

1. d4 Nf6 2. c4 g6 3. Nc3 Bg7 4. e4 d6 5. f3 O-O 6. Be3 c5 7. Nge2 cxd4 8. Nxd4
Nc6 9. Qd2 Nd7 10. Be2 Nde5 11. g4 Nxd4 12. Bxd4 Be6 13. Nd5 Rc8 14. b3 Bxd5
15. cxd5 e6 16. f4 Nxg4 17. O-O Qh4 18. Bxg4 Qxg4+ 19. Kh1 Bxd4 20. Qxd4 Rc2
21. Rf2 Rfc8 22. Raf1 exd5 23. exd5 b6 24. Qe3 Qf5 25. Rd1 Rxf2 26. Qxf2 Qe4+
27. Kg1 Rc2 28. Re1 Rxf2 29. Rxe4 Rxa2 30. Re8+ Kg7 31. Rd8 Rb2 32. Rxd6 Rxb3
33. Kf2 a5 34. Rc6 Kf8 35. d6 Ke8 36. Rc7 a4 37. Re7+ Kd8 38. Rxf7 Rb5 39. Rc7
a3 40. Rc1 Kd7 41. Ke3 Kxd6 42. Ra1 Rb3+ 43. Kd4 Rb4+ 44. Ke3 Ra4 45. Kd2 Kc5
46. Kc2 b5 47. Kb3 Rxf4 48. Rc1+ Rc4 49. Rg1 Ra4 50. Rg5+ Kc6 51. Ka2 Rh4 52.
Kxa3 Rxh2 53. Kb4 Rh5 54. Rg1 Rh4+ 55. Kb3 Kd6 56. Kc3 Ke6 57. Kd3 Kf5 58. Ke3
g5 59. Rc1 Rc4 60. Rb1 b4 61. Rf1+ Rf4 62. Rh1 Kg6 63. Rb1 h5 64. Ra1 h4 65.
Ra8 Kf5 66. Rh8 Kg4 67. Rh7 Kg3 68. Rg7 Rf3+ 69. Ke2 g4 70. Rb7 b3 71. Rb4 h3
72. Rb8 h2 73. Rh8 b2 0-1

[Event "SV Bottrop 1 - SC Hansa Dortmund 2"]
[Site "Verbandsliga - Gruppe 2 2021/"]
[Date "2021.10.24"]
[Round "1.6"]
[White "Jaeger, Heinz"]
[Black "Lin, Yi"]
[Result "0-1"]
[WhiteElo "1968"]
[BlackElo "1837"]
[Annotator "daniel"]
[PlyCount "122"]
[EventDate "2021.??.??"]
[WhiteTeam "SV Bottrop 1"]
[BlackTeam "SC Hansa Dortmund 2"]

1. d4 d6 2. e4 Nf6 3. Bd3 Nbd7 4. f4 e5 5. Nf3 exd4 6. Nxd4 Nc5 7. Qe2 Be7 8.
O-O O-O 9. b4 Nxd3 10. cxd3 c6 11. Kh1 Re8 12. Nd2 d5 13. Nc2 dxe4 14. dxe4 Bf8
15. Bb2 Bf5 16. Be5 Bg4 17. Nf3 Nd7 18. Bc3 Qe7 19. h3 Bxf3 20. Rxf3 Nf6 21.
Bxf6 Qxf6 22. e5 Qe6 23. a3 Rad8 24. Rd1 Rxd1+ 25. Qxd1 c5 26. Qd3 $11 Rc8 27.
Qe4 cxb4 28. Nxb4 Rc1+ 29. Kh2 Qb6 30. Re3 Bc5 31. Rd3 Bg1+ 32. Kg3 h5 33. Rf3
Rc3 34. h4 Bf2+ 35. Kh3 Rc1 36. Kh2 Bxh4 37. Qe3 Qxe3 38. Rxe3 Bf2 39. Rf3 Bg1+
40. Kg3 Rc4 41. Kh4 g6 42. Nd5 Bc5 43. Kg5 Kg7 44. g4 hxg4 45. Kxg4 Ra4 46. Rh3
Rxa3 47. Rh1 Bf2 48. f5 Rg3+ 49. Kf4 gxf5 50. Nf6 Rg1 51. Ne8+ Kg6 52. Rh8 Bg3+
53. Kf3 f4 54. Rg8+ Kf5 55. Nd6+ Kxe5 56. Nxf7+ Kf6 57. Nd6 Rf1+ 58. Ke2 Rb1
59. Kd2 Ke5 60. Rg6 Rb4 61. Ke2 a5 0-1

[Event "SV Bottrop 1 - SC Hansa Dortmund 2"]
[Site "Verbandsliga - Gruppe 2 2021/"]
[Date "2021.10.24"]
[Round "1.7"]
[White "Wolffgang, Georg"]
[Black "Ruhmann, Gabriel"]
[Result "0-1"]
[WhiteElo "1826"]
[BlackElo "1494"]
[PlyCount "67"]
[EventDate "2021.??.??"]
[WhiteTeam "SC Hansa Dortmund 2"]
[BlackTeam "SV Bottrop 1"]

1. e4 g6 2. Nc3 d6 3. f4 Bg7 4. Nf3 c6 5. d4 Bg4 6. Bc4 Bxf3 7. gxf3 e6 8. Ne2
d5 9. Bb3 Qh4+ 10. Ng3 Nf6 11. Ke2 dxe4 12. fxe4 Nh5 13. Nxh5 Qxh5+ 14. Kd3
Qh3+ 15. Be3 Na6 16. Qf1 Qh5 17. c3 c5 18. d5 exd5 19. Bxd5 O-O-O 20. Kc2 Rhe8
21. Rd1 Nc7 22. Bxc5 Nxd5 23. Rxd5 Rxd5 24. exd5 Qf5+ 25. Kb3 Qxd5+ 26. Qc4
Qxh1 27. Bd4+ Qc6 28. Qxc6+ bxc6 29. Bxg7 Re2 30. h4 Rh2 31. Bf6 Kd7 32. a4 Ke6
33. Bd4 a6 34. a5 0-1

[Event "SV Bottrop 1 - SC Hansa Dortmund 2"]
[Site "Verbandsliga - Gruppe 2 2021/"]
[Date "2021.10.24"]
[Round "1.8"]
[White "Tochtrop, Lothar"]
[Black "Werner, Patrick"]
[Result "0-1"]
[WhiteElo "1797"]
[BlackElo "1765"]
[PlyCount "58"]
[EventDate "2021.??.??"]
[WhiteTeam "SV Bottrop 1"]
[BlackTeam "SC Hansa Dortmund 2"]

1. e4 g6 2. d4 Bg7 3. Nc3 d6 4. Bc4 a6 5. a4 e6 6. Nf3 Ne7 7. Be3 O-O 8. Qd2 d5
9. exd5 exd5 10. Be2 Nbc6 11. Bh6 Nf5 12. Bxg7 Kxg7 13. O-O Qd6 14. Nd1 Re8 15.
c3 f6 16. Re1 Bd7 17. Bd3 Rxe1+ 18. Qxe1 Re8 19. Qd2 Na5 20. Bc2 Nc4 21. Qc1
Nh4 22. Ne3 Nxf3+ 23. gxf3 Nb6 24. Qf1 Qf4 25. Qg2 Nc4 26. Nxc4 dxc4 27. Be4 c6
28. d5 cxd5 29. Bxd5 Re5 0-1

[Event "SV Unser Fritz 1 - SK Sodingen/Castrop "]
[Site "Verbandsliga - Gruppe 2 2021/"]
[Date "2021.10.24"]
[Round "1.1"]
[White "Kock, Wolfgang"]
[Black "Distelrath, Oliver"]
[Result "1/2-1/2"]
[WhiteElo "1996"]
[BlackElo "1858"]
[Annotator "daniel"]
[PlyCount "100"]
[EventDate "2021.??.??"]
[WhiteTeam "SK Sodingen/Castrop 2"]
[BlackTeam "SV Unser Fritz 1"]

1. c4 e5 2. Nc3 Nc6 3. e3 f5 4. d4 Nf6 5. dxe5 Nxe5 6. a3 g6 7. Be2 Bg7 8. Nf3
d6 9. Qb3 Ned7 10. O-O Nc5 11. Qc2 O-O 12. Nd2 a5 13. b3 Qe8 14. Bb2 Bd7 15.
Bf3 Bc6 16. Nd5 Qf7 17. b4 Ne6 18. Rac1 axb4 19. axb4 Ng5 20. Nxf6+ Bxf6 21.
Bxc6 bxc6 22. Bd4 Ne6 23. Nf3 Qg7 24. Rfd1 Rab8 25. Rb1 Bxd4 26. Nxd4 Nxd4 27.
Rxd4 Qe5 28. g3 c5 29. bxc5 Qxc5 30. Rc1 Rb4 31. Rd5 Qc6 32. Rb5 Rxb5 33. cxb5
Qxc2 34. Rxc2 Rf7 35. Rc6 Rd7 36. b6 cxb6 37. Rxb6 Kf7 $11 38. h4 Ke6 39. Kg2
Ra7 40. Kf3 Ra4 41. Rb7 h5 42. Rg7 Kf6 43. Rc7 Ke6 44. Rc3 Ke5 45. Rc2 Rb4 46.
Ke2 Ra4 47. Rb2 Rc4 48. Kd3 Ra4 49. Rb5+ Ke6 50. Rb8 Ke7 1/2-1/2

[Event "SV Unser Fritz 1 - SK Sodingen/Castrop "]
[Site "Verbandsliga - Gruppe 2 2021/"]
[Date "2021.10.24"]
[Round "1.2"]
[White "Nowicki, Heiko"]
[Black "Haberhausen, Ansgar"]
[Result "0-1"]
[WhiteElo "1787"]
[BlackElo "1994"]
[PlyCount "60"]
[EventDate "2021.??.??"]
[WhiteTeam "SV Unser Fritz 1"]
[BlackTeam "SK Sodingen/Castrop 2"]

1. e4 c6 2. d3 d5 3. Nd2 e5 4. Ngf3 Bd6 5. g3 Nf6 6. Bg2 Bg4 7. O-O O-O 8. Re1
Re8 9. c3 Nbd7 10. Qc2 dxe4 11. dxe4 Nc5 12. b4 Ne6 13. Nc4 Bxf3 14. Bxf3 Bc7
15. h4 Qe7 16. Ne3 Nf8 17. Nf5 Qe6 18. h5 h6 19. Be3 Bb6 20. Rad1 Red8 21. c4
Bxe3 22. Rxe3 N8h7 23. Red3 Rxd3 24. Qxd3 Ng5 25. g4 a5 26. a3 axb4 27. axb4
Nh3+ 28. Kf1 Nf4 29. Qc2 b5 30. Rd6 Qxc4+ 0-1

[Event "SV Unser Fritz 1 - SK Sodingen/Castrop "]
[Site "Verbandsliga - Gruppe 2 2021/"]
[Date "2021.10.24"]
[Round "1.3"]
[White "Zwielich, Frank"]
[Black "Rutz, Dirk"]
[Result "1/2-1/2"]
[WhiteElo "1952"]
[BlackElo "2003"]
[PlyCount "57"]
[EventDate "2021.??.??"]
[WhiteTeam "SK Sodingen/Castrop 2"]
[BlackTeam "SV Unser Fritz 1"]

1. d4 Nf6 2. g3 g6 3. Bg2 Bg7 4. e4 d6 5. Ne2 O-O 6. O-O Na6 7. h3 c5 8. c3 Rb8
9. a4 Bd7 10. Be3 Qc8 11. Kh2 e5 12. Na3 exd4 13. cxd4 Nb4 14. Rc1 Qe8 15. Nc3
Qe7 16. dxc5 dxc5 17. Bf4 Bc6 18. Bxb8 Rxb8 19. Qe2 Re8 20. Rfe1 Nd7 21. f4 Qe6
22. Nc4 Nb6 23. Nxb6 axb6 24. Rcd1 Qb3 25. e5 Nc2 26. Rf1 Qxb2 27. Bxc6 bxc6
28. Ne4 Qb3 29. Qd3 1/2-1/2

[Event "SV Unser Fritz 1 - SK Sodingen/Castrop "]
[Site "Verbandsliga - Gruppe 2 2021/"]
[Date "2021.10.24"]
[Round "1.4"]
[White "Jungbluth, Michael"]
[Black "Schriewer, Thomas"]
[Result "1-0"]
[WhiteElo "2022"]
[BlackElo "1865"]
[PlyCount "61"]
[EventDate "2021.??.??"]
[WhiteTeam "SV Unser Fritz 1"]
[BlackTeam "SK Sodingen/Castrop 2"]

1. d4 d5 2. c4 c6 3. Nf3 Nf6 4. e3 e6 5. Bd3 Nbd7 6. b3 Bd6 7. O-O O-O 8. Bb2
b6 9. Nbd2 Bb7 10. Rc1 Rc8 11. Qe2 Re8 12. cxd5 exd5 13. Bf5 Rc7 14. Rfd1 Qe7
15. Rc2 Ne4 16. Nxe4 dxe4 17. Nd2 Nf6 18. Rdc1 Qd8 19. Nc4 Bf8 20. Ne5 c5 21.
dxc5 Rxc5 22. Rxc5 Bxc5 23. Rd1 Qc7 24. Nd7 Nxd7 25. Rxd7 Qc6 26. Bxh7+ Kf8 27.
Bxg7+ Kxg7 28. Qg4+ Kh8 29. Qh5 Qf6 30. Bg6+ Kg7 31. Qh7+ 1-0

[Event "SV Unser Fritz 1 - SK Sodingen/Castrop "]
[Site "Verbandsliga - Gruppe 2 2021/"]
[Date "2021.10.24"]
[Round "1.5"]
[White "Balke, Reiner"]
[Black "Mueller, Martin"]
[Result "1/2-1/2"]
[WhiteElo "1856"]
[BlackElo "2041"]
[PlyCount "110"]
[EventDate "2021.??.??"]
[WhiteTeam "SK Sodingen/Castrop 2"]
[BlackTeam "SV Unser Fritz 1"]

1. e4 d6 2. Nf3 Nf6 3. Nc3 e5 4. h3 Be7 5. d4 Nbd7 6. dxe5 dxe5 7. Bd3 c6 8.
O-O Qc7 9. Be3 Nf8 10. Qe2 h6 11. Rfd1 g5 12. Nh2 Rg8 13. f3 Nh5 14. Qf2 b6 15.
a4 Nf4 16. Bf1 h5 17. Kh1 g4 18. g3 Nxh3 19. Bxh3 gxh3 20. a5 b5 21. a6 Ne6 22.
Rg1 Bg5 23. f4 Bh6 24. Ne2 Bd7 25. Nf3 exf4 26. gxf4 Rg2 27. Rxg2 hxg2+ 28.
Qxg2 O-O-O 29. Qf2 Kb8 30. Nfd4 Rg8 31. Nxe6 fxe6 32. Bd4 Ka8 33. Be5 Qc8 34.
Rd1 c5 35. Qe3 Bc6 36. Rg1 Rxg1+ 37. Kxg1 Bf8 38. Qf3 Qxa6 39. Qxh5 Qc8 40. Ng3
Be7 41. Qg4 Qd7 42. f5 exf5 43. Nxf5 Qe6 44. Qf4 Bd8 45. Ng3 Bb6 46. Kg2 Kb7
47. Nf5 Bc7 48. Bxc7 Bxe4+ 49. Kf2 Bxf5 50. c3 Bd3 51. Be5 Bc4 52. Qe3 Kc6 53.
b4 Qf5+ 54. Bf4 a6 55. Qe8+ Qd7 1/2-1/2

[Event "SV Unser Fritz 1 - SK Sodingen/Castrop "]
[Site "Verbandsliga - Gruppe 2 2021/"]
[Date "2021.10.24"]
[Round "1.6"]
[White "Tober, Julian"]
[Black "Cobanoglu, Ferhat"]
[Result "0-1"]
[WhiteElo "1776"]
[BlackElo "1832"]
[PlyCount "94"]
[EventDate "2021.??.??"]
[WhiteTeam "SV Unser Fritz 1"]
[BlackTeam "SK Sodingen/Castrop 2"]

1. e4 d6 2. d4 Nf6 3. Bd3 e5 4. c3 Be7 5. Ne2 O-O 6. O-O Re8 7. d5 c6 8. Bc2
Nbd7 9. c4 cxd5 10. exd5 Bf8 11. Nbc3 a6 12. a4 Qa5 13. Rb1 Qb4 14. b3 g6 15.
Bd2 Qc5 16. Ng3 Bg7 17. h4 Nf8 18. Nce4 Nxe4 19. Nxe4 Qc7 20. Bb4 Rd8 21. h5 f5
22. Ng3 b5 23. hxg6 hxg6 24. cxb5 Qb7 25. Ba5 Re8 26. bxa6 Qxa6 27. b4 e4 28.
Qd2 Bd7 29. Rfc1 Qa7 30. Ne2 e3 31. Qd3 exf2+ 32. Kf1 Re3 33. Qc4 Rc8 34. Qh4
Rce8 35. Bd1 R8e4 36. Qd8 Rxe2 37. Bxe2 Qe3 38. Ba6 Qg3 39. Bb6 Rg4 40. Bxf2
Qxg2+ 41. Ke1 Qh1+ 42. Ke2 Re4+ 43. Kd2 Qf3 44. Qb6 Bh6+ 45. Kc2 Bxa4+ 46. Kb2
Qb3+ 47. Ka1 Qa3# 0-1

[Event "SV Unser Fritz 1 - SK Sodingen/Castrop "]
[Site "Verbandsliga - Gruppe 2 2021/"]
[Date "2021.10.24"]
[Round "1.7"]
[White "Evertz, Dieter"]
[Black "Koch, Till"]
[Result "1-0"]
[WhiteElo "1906"]
[BlackElo "1812"]
[PlyCount "33"]
[EventDate "2021.??.??"]
[WhiteTeam "SK Sodingen/Castrop 2"]
[BlackTeam "SV Unser Fritz 1"]

1. e4 e6 2. Nf3 d5 3. e5 c5 4. c3 Nc6 5. d4 Qc7 6. Bd3 f6 7. Bf4 Bd7 8. dxc5
O-O-O 9. b4 g5 10. Bg3 g4 11. exf6 e5 12. Ng5 Nh6 13. Nxh7 Nf5 14. Bxf5 Bxf5
15. Nxf8 Rhxf8 16. O-O Rxf6 17. Na3 1-0

[Event "SV Unser Fritz 1 - SK Sodingen/Castrop "]
[Site "Verbandsliga - Gruppe 2 2021/"]
[Date "2021.10.24"]
[Round "1.8"]
[White "Dlouhy, Peter"]
[Black "Schaefer, Michael"]
[Result "1/2-1/2"]
[WhiteElo "1852"]
[BlackElo "1659"]
[PlyCount "80"]
[EventDate "2021.??.??"]
[WhiteTeam "SV Unser Fritz 1"]
[BlackTeam "SK Sodingen/Castrop 2"]

1. d4 Nf6 2. Bf4 d5 3. e3 c5 4. Nf3 Nc6 5. Bd3 Bg4 6. c3 e6 7. Nbd2 Bd6 8. Qa4
Bxf4 9. exf4 c4 10. Be2 Qa5 11. Qxa5 Nxa5 12. Ne5 Bxe2 13. Kxe2 Nd7 14. b4 Nxe5
15. fxe5 Nc6 16. h4 Ke7 17. f4 f6 18. Rh3 Kf7 19. h5 b5 20. a4 a6 21. g4 Rhb8
22. a5 Rf8 23. Nf3 Kg8 24. Ke3 Ra7 25. exf6 gxf6 26. g5 e5 27. fxe5 fxe5 28.
Nxe5 Re7 29. Rg1 Nxe5 30. dxe5 Rf5 31. Ke2 Rfxe5+ 32. Kd1 Re4 33. g6 h6 34. Rf1
d4 35. cxd4 Rxd4+ 36. Kc1 Rd5 37. Rf6 Re1+ 38. Kc2 Re2+ 39. Kc1 Re1+ 40. Kc2
Re2+ 1/2-1/2

[Event "FS Dortmund 1 - SG Mengede 1"]
[Site "Verbandsklasse - Gruppe 1 202"]
[Date "2021.10.24"]
[Round "1.1"]
[White "Delvos, Thorsten"]
[Black "Reichmann, Oleg"]
[Result "1-0"]
[WhiteElo "1989"]
[BlackElo "2054"]
[PlyCount "77"]
[EventDate "2021.??.??"]
[WhiteTeam "SG Mengede 1"]
[BlackTeam "FS Dortmund 1"]

1. c4 Nf6 2. g3 g6 3. Bg2 Bg7 4. Nc3 c6 5. e4 O-O 6. Nge2 e5 7. O-O d6 8. d3
Bg4 9. h3 Be6 10. f4 b5 11. f5 Qb6+ 12. Kh2 Bc8 13. g4 b4 14. Na4 Qc7 15. g5
Nh5 16. f6 Bh8 17. Bf3 Re8 18. Bxh5 gxh5 19. Ng3 h4 20. Nf5 Bxf5 21. Rxf5 Nd7
22. Qh5 Nf8 23. Qxh4 d5 24. Be3 Ng6 25. Qg3 dxc4 26. dxc4 Rad8 27. h4 Nf4 28.
Rf1 Ne2 29. Qg4 Nd4 30. R5f2 Ne6 31. h5 Nf8 32. Bc5 Qd7 33. Qg2 Qe6 34. b3 a5
35. Be7 Rd4 36. Nc5 Qc8 37. Bxf8 Kxf8 38. g6 hxg6 39. Qg5 1-0

[Event "FS Dortmund 1 - SG Mengede 1"]
[Site "Verbandsklasse - Gruppe 1 202"]
[Date "2021.10.24"]
[Round "1.2"]
[White "Hein, Erwin"]
[Black "Bork, Sophie"]
[Result "1-0"]
[WhiteElo "1985"]
[BlackElo "1885"]
[PlyCount "89"]
[EventDate "2021.??.??"]
[WhiteTeam "FS Dortmund 1"]
[BlackTeam "SG Mengede 1"]

1. d4 d5 2. c4 e6 3. Nc3 c5 4. e3 Nf6 5. Nf3 a6 6. b3 cxd4 7. Nxd4 Bb4 8. Bd2
Bxc3 9. Bxc3 Ne4 10. Qc2 Nxc3 11. Qxc3 O-O 12. Be2 Nc6 13. cxd5 Nxd4 14. Qxd4
Qa5+ 15. b4 Qxd5 16. Qxd5 exd5 17. O-O Be6 18. Rfd1 Rfd8 19. h3 g6 20. Rd2 a5
21. Rb1 axb4 22. Rxb4 d4 23. Rdxd4 Rxd4 24. exd4 Bd5 25. a4 Bc6 26. Bd1 Kf8 27.
Bb3 Ra5 28. f3 Ke7 29. d5 Bxd5 30. Bxd5 Rxd5 31. Rxb7+ Kf8 32. Rb8+ Kg7 33. Rb1
h5 34. Ra1 Ra5 35. Kf2 Kf6 36. Ke3 Ke5 37. Kd3 Kf4 38. Kc4 Kg3 39. Ra2 Rxa4+
40. Rxa4 Kxg2 41. Ra7 Kxh3 42. Rxf7 Kg3 43. Kd3 h4 44. Ke3 h3 45. Rg7 1-0

[Event "FS Dortmund 1 - SG Mengede 1"]
[Site "Verbandsklasse - Gruppe 1 202"]
[Date "2021.10.24"]
[Round "1.3"]
[White "Weinert, Christian"]
[Black "Khess, Igor"]
[Result "1/2-1/2"]
[WhiteElo "1940"]
[BlackElo "1969"]
[PlyCount "76"]
[EventDate "2021.??.??"]
[WhiteTeam "SG Mengede 1"]
[BlackTeam "FS Dortmund 1"]

1. Nf3 b6 2. c4 Bb7 3. Nc3 e6 4. g3 g6 5. Bg2 Bg7 6. d4 d6 7. O-O Ne7 8. e4 O-O
9. Rb1 Nd7 10. Re1 h6 11. h4 Rb8 12. Qc2 a6 13. Bf4 Nc6 14. Rbd1 e5 15. dxe5
Ndxe5 16. Nxe5 Nxe5 17. Bxe5 Bxe5 18. f4 Bxc3 19. Qxc3 Qc8 20. Kh2 f6 21. Bh3
Qe8 22. Qd4 Qf7 23. Rd2 Rbe8 24. Rde2 Re7 25. b3 Rfe8 26. Bg2 f5 27. e5 Bxg2
28. Kxg2 dxe5 29. Rxe5 Rxe5 30. fxe5 Qe6 31. Kf2 Re7 32. Qd5 Kf7 33. Kf3 g5 34.
hxg5 hxg5 35. Qd8 Qc6+ 36. Qd5+ Qe6 37. Qd8 Qc6+ 38. Qd5+ Qe6 {=} 1/2-1/2

[Event "FS Dortmund 1 - SG Mengede 1"]
[Site "Verbandsklasse - Gruppe 1 202"]
[Date "2021.10.24"]
[Round "1.4"]
[White "Grube, JÃ¶rg"]
[Black "Kraus, Reinhard"]
[Result "1/2-1/2"]
[WhiteElo "1853"]
[BlackElo "1798"]
[PlyCount "46"]
[EventDate "2021.??.??"]
[WhiteTeam "FS Dortmund 1"]
[BlackTeam "SG Mengede 1"]

1. e4 c5 2. Nf3 e6 3. d4 cxd4 4. Nxd4 Nf6 5. Nc3 Bb4 6. e5 Nd5 7. Bd2 Nxc3 8.
bxc3 Ba5 9. Qg4 g6 10. Qg3 a6 11. h4 Nc6 12. Nxc6 dxc6 13. h5 g5 14. h6 Qd5 15.
Qxg5 Bc7 16. f4 Qe4+ 17. Kd1 Qg6 18. Qh4 Bd8 19. Qf2 Be7 20. Bd3 Qg4+ 21. Be2
Qg6 22. Bd3 Qg4+ 23. Be2 Qg6 {=} 1/2-1/2

[Event "FS Dortmund 1 - SG Mengede 1"]
[Site "Verbandsklasse - Gruppe 1 202"]
[Date "2021.10.24"]
[Round "1.5"]
[White "Schmidt, Jonas"]
[Black "BrendemÃ¼hl, Bernd"]
[Result "1/2-1/2"]
[WhiteElo "1753"]
[BlackElo "1944"]
[PlyCount "147"]
[EventDate "2021.??.??"]
[WhiteTeam "SG Mengede 1"]
[BlackTeam "FS Dortmund 1"]

1. e4 c5 2. Nf3 g6 3. d4 cxd4 4. Nxd4 Bg7 5. Nc3 Nc6 6. Be3 d6 7. Bb5 Bd7 8.
O-O Nf6 9. Qe2 O-O 10. Bxc6 bxc6 11. f4 c5 12. Nf3 Bc6 13. e5 Ng4 14. Rad1 Qb8
15. Nd5 Bxd5 16. Rxd5 Qxb2 17. exd6 exd6 18. Bc1 Qxa2 19. Rxd6 Rfe8 20. Qd3 c4
21. Qd5 Nf6 22. Qb7 Ne4 23. Rc6 Qxc2 24. Ne5 Rf8 25. Rxc4 Nd6 26. Qxa8 Nxc4 27.
Qc6 Bxe5 28. fxe5 Ne3 29. Qxc2 Nxc2 30. Rf4 Rc8 31. Kf2 Ne1 32. Kxe1 Rxc1+ 33.
Kd2 Ra1 34. Kc3 Ra2 35. Rg4 Kf8 36. h3 Ke7 37. Kb3 Ra5 38. Re4 Ke6 39. Kc3 Rxe5
40. Ra4 a5 41. Kd4 f5 42. Ra2 Re4+ 43. Kd3 a4 44. Rb2 Kf6 45. g3 h5 46. Rb6+
Kg5 47. Ra6 Rb4 48. h4+ Kh6 49. Ke2 f4 50. Kf3 fxg3 51. Kxg3 Rb3+ 52. Kg2 a3
53. Kg1 Rb1+ 54. Kf2 Rb2+ 55. Kf3 a2 56. Ra7 Rc2 57. Kg3 Rc3+ 58. Kg2 Rc4 59.
Kg3 Rc2 60. Kf3 Rd2 61. Kg3 Re2 62. Kf3 Rd2 63. Kg3 Rd3+ 64. Kg2 Rd6 65. Rxa2
Kg7 66. Rf2 Rf6 67. Ra2 Rf4 68. Kg3 Rg4+ 69. Kh3 Re4 70. Ra6 Kf7 71. Kg3 Re6
72. Rxe6 Kxe6 73. Kf4 Kf6 74. Ke4 1/2-1/2